Statistiques concernant Liste des pays avec le taux de fécondité le plus élevé

Cliquez ici pour prendre le quiz!

Statistiques générales

  • Ce quiz a été pris 62 fois
  • Le résultat moyen est 12 sur 20

Statistiques - réponses

TauxPays% Correct
6,76Niger
89%
5,19Nigéria
83%
5,15Ethiopie
78%
6,06Mali
74%
5,99Somalie
72%
4,88Guinée
65%
4,76Cameroun
61%
4,95Bénin
59%
4,89Tanzanie
59%
5,37Angola
57%
5,21Mozambique
57%
5,89Ouganda
57%
5,86Burkina Faso
56%
5,72Zambie
56%
6,09Burundi
52%
5,6Malawi
50%
4,80Sierra Leone
48%
5,31Soudan du Sud
46%
5,33Afghanistan
31%
5,01Timor Oriental
6%

Distribution des résultats

Percentile par nombre de réponses

% des personnes avec chaque résultat

Votre développement - résultats

Vous n’avez pas pris ce quiz